01282nas a2200361 4500001001000000003000900010005001700019007000300036008003400039040005400073041000900127072001300136100002000149100001700169100001900186100002200205100001900227100002100246245016000267650002500427650002600452650001400478650002500492650001200517650000800529650002300537650001700560773010900577909004000686942001800726999001900744952015700763BR9903642BR-BrBNA20231205101512.0ta230509b bl.|||p| |||| 00| 00por d aBR-BrBNAbporcBiblioteca Nacional de Agricultura a(Pt) aL51; L011 aBarbosa, B.A.C.1 aSoares, P.R.1 aRostagno, H.S.1 aSilva, M. de A. e1 aAlbino, L.F.T.1 aGracas, A.S. das1 aExigencia nutricional de metionina + cistina para galinhas poedeiras de ovos brancos e marrons, no segundo ciclo de producao; 1: caracteristicas produtivas aGalinha para Postura aExigencia Nutricional aMetionina aSuplemento Alimentar aCistina aOvo aCondicao Ambiental aMinas Gerais0 tRevista Brasileira de Zootecnia (Brazil)xISSN 1516-3598g(May-Jun 1999), v. 28(3) p. 526-533wBR9903642 a202311bLúciac55dLúcia Elande 2AGRISn0cANA c162226d162226 002AGRIS4071a41918b41918cPeriódicos Agrícolash(May-Jun 1999), v. 28(3) p. 526-533l0r2023-11-29t01yCRePortaria Interministerial nº 164/94